|
|
|
|
| LEADER |
00654nab a2200181 i 4500 |
| 001 |
acta25768 |
| 005 |
20210225102404.0 |
| 008 |
161017s1965 hu o 0|| hun d |
| 022 |
|
|
|a 0544-7224
|
| 040 |
|
|
|a SZTE Egyetemi Kiadványok Repozitórium
|b hun
|
| 041 |
|
|
|a hun
|
| 100 |
1 |
|
|a Somfai László
|
| 245 |
1 |
0 |
|a Egy programozva oktatott téma néhány tapasztalata
|h [elektronikus dokumentum] :
|b folytatás /
|c Somfai László
|
| 260 |
|
|
|c 1965
|
| 300 |
|
|
|a 172-178
|
| 490 |
0 |
|
|a Módszertani közlemények
|v 5 No. 3
|
| 695 |
|
|
|a Neveléstudomány, Nyelvtudomány
|
| 856 |
4 |
0 |
|u http://acta.bibl.u-szeged.hu/25768/1/modszertani_005_003_172-178.pdf
|z Dokumentum-elérés
|